[Event "Miedzynarodowy Turniej Szachowy Szachowe"]
[Site "WSUS Poznan, ul. Glogowska"]
[Date "2013.??.14"]
[Round "2.1"]
[White "Niedbala, Wojciech"]
[Black "Malaniuk, Vladimir P"]
[Result "0-1"]
[WhiteElo "1790"]
[BlackElo "2529"]
[PlyCount "86"]
[EventDate "2013.??.??"]

1. e4 e5 2. Nf3 Nc6 3. Nc3 Nf6 4. Bc4 Nxe4 5. Nxe4 d5 6. Bd3 dxe4 7. Bxe4 Bd6
8. O-O O-O 9. Re1 Re8 10. d3 h6 11. h3 Bd7 12. Be3 Qf6 13. Nd2 Rad8 14. a3 b6
15. Qf3 Qxf3 16. Bxf3 Bf8 17. Nc4 a6 18. Rac1 g6 19. Bd2 Bg7 20. Bc3 Nd4 21.
Bxd4 exd4 22. Kf1 a5 23. Nd2 a4 24. Rxe8+ Rxe8 25. Re1 Kf8 26. h4 h5 27. Bd5
Rxe1+ 28. Kxe1 Ke7 29. Ke2 Bh6 30. Bf3 Kf6 31. Ne4+ Ke5 32. Nd2 b5 33. Be4 Kd6
34. g3 f5 35. Bg2 f4 36. gxf4 Bxf4 37. Be4 g5 38. hxg5 Bxg5 39. Nf3 Bd8 40. Kd2
h4 41. Ke1 c5 42. Kf1 c4 43. dxc4 bxc4 0-1

[Event "Miedzynarodowy Turniej Szachowy Szachowe"]
[Site "WSUS Poznan, ul. Glogowska"]
[Date "2013.??.??"]
[Round "2.2"]
[White "Bartkowiak, Damian"]
[Black "Kiwilsza, Piotr"]
[Result "1-0"]
[WhiteElo "2152"]
[BlackElo "1751"]
[PlyCount "88"]
[EventDate "2013.??.??"]

1. d4 d5 2. c4 e6 3. Nc3 Nf6 4. Nf3 Be7 5. Bg5 O-O 6. e3 c6 7. Qc2 h6 8. Bh4
Nbd7 9. cxd5 exd5 10. Bd3 Re8 11. Bg3 Bb4 12. O-O Bxc3 13. bxc3 Ne4 14. Bxe4
dxe4 15. Nd2 f5 16. Nc4 Nb6 17. Nd6 Re7 18. f3 Nd5 19. Rae1 exf3 20. Rxf3 f4
21. Nxc8 Rxc8 22. exf4 Qd7 23. Rxe7 Nxe7 24. Qb3+ Kf8 25. f5 Nd5 26. Be5 Qf7
27. Rg3 Nf6 28. Bxf6 Qxf6 29. Qxb7 Re8 30. h3 Re7 31. Qb4 Kg8 32. Kh2 Kh7 33.
Qc5 Kh8 34. Rg6 Qh4 35. Qd6 Rf7 36. Qe5 Kh7 37. Rxc6 Qg5 38. f6 gxf6 39. Qxg5
hxg5 40. d5 Kg6 41. d6 Rd7 42. c4 Kf7 43. Rc7 Ke6 44. Rxd7 Kxd7 1-0

[Event "Miedzynarodowy Turniej Szachowy Szachowe"]
[Site "WSUS Poznan, ul. Glogowska"]
[Date "2013.??.14"]
[Round "2.3"]
[White "Sklepinski, Artur"]
[Black "Zakrzewski, Marek"]
[Result "0-1"]
[WhiteElo "1772"]
[BlackElo "2126"]
[PlyCount "110"]
[EventDate "2013.??.??"]

1. d4 Nf6 2. Nf3 c5 3. c4 cxd4 4. Nxd4 Nc6 5. Nc3 e6 6. g3 Qb6 7. Nb3 Ne5 8. e4
Bb4 9. Bf4 Nxe4 10. c5 Nxc3 11. cxb6 Nxd1+ 12. Kxd1 Ng4 13. Ke2 axb6 14. a3 Be7
15. Bc7 Bd8 16. Bd6 Be7 17. Bc7 Bd8 18. Bd6 Bf6 19. Rb1 Be5 20. Bb4 d5 21. f4
Bb8 22. Kf3 Nf6 23. Bd3 Bd7 24. Rhe1 Bc6 25. Nd4 Kd7 26. Bc3 Bd6 27. h4 h6 28.
Kg2 Rae8 29. b4 Kd8 30. Rbc1 Bd7 31. Nf3 Ke7 32. Bd4 Ra8 33. Ra1 Rhc8 34. Bb2
Kf8 35. Nd4 h5 36. Nf3 Ne8 37. Ng5 Ba4 38. Bd4 Bc2 39. Be2 Bg6 40. Bb5 Rc2+ 41.
Kf3 Be7 42. Bxb6 Bf6 43. Bc5+ Kg8 44. Bxe8 Bxa1 45. Bxf7+ Bxf7 46. Rxa1 Rc3+
47. Kf2 Raxa3 48. Rxa3 Rxa3 49. Kg2 Ra6 50. Be7 Bg6 51. Bc5 Be4+ 52. Kf2 g6 53.
Be3 Kf8 54. Bc5+ Ke8 55. Nh3 Kd7 0-1

[Event "Miedzynarodowy Turniej Szachowy Szachowe"]
[Site "WSUS Poznan, ul. Glogowska"]
[Date "2013.??.??"]
[Round "2.4"]
[White "Bednarska-bzdega, Malgorzata"]
[Black "Gajzner, Ryszard"]
[Result "1-0"]
[WhiteElo "2115"]
[BlackElo "1747"]
[PlyCount "63"]
[EventDate "2013.??.??"]

1. e4 e6 2. d4 d5 3. Nc3 Nf6 4. Bg5 Bb4 5. e5 h6 6. Bd2 Bxc3 7. bxc3 Ne4 8. Qg4
Kf8 9. Bd3 Nxd2 10. Kxd2 c5 11. Nf3 c4 12. Be2 Nc6 13. Qf4 Bd7 14. h4 b5 15. a3
a5 16. Rhb1 Rb8 17. g4 Qe7 18. Qe3 Kg8 19. Kd1 Kh7 20. g5 Kg8 21. Kd2 Qd8 22.
Rg1 Kf8 23. g6 f6 24. exf6 Qxf6 25. Rg4 Ke7 26. Rf4 Qxg6 27. Rg1 Qh7 28. Ne5
Nxe5 29. Qxe5 g5 30. hxg5 hxg5 31. Rxg5 Rbg8 32. Rh5 1-0

[Event "Miedzynarodowy Turniej Szachowy Szachowe"]
[Site "WSUS Poznan, ul. Glogowska"]
[Date "2013.??.??"]
[Round "2.5"]
[White "Szymanski, Leszek"]
[Black "Swiatek, Bartosz"]
[Result "0-1"]
[WhiteElo "1750"]
[BlackElo "2065"]
[PlyCount "68"]
[EventDate "2013.??.??"]

1. b4 d5 2. Bb2 e6 3. Nf3 Nf6 4. a3 a5 5. c3 Bd6 6. e3 O-O 7. d3 b6 8. b5 c5 9.
Be2 Nbd7 10. c4 Bb7 11. O-O Qc7 12. g3 dxc4 13. dxc4 Rad8 14. Nbd2 e5 15. Nh4
e4 16. Nf5 Be5 17. Qc2 Bxb2 18. Qxb2 Ne5 19. Rad1 Bc8 20. Nh4 Rfe8 21. Qc2 Bb7
22. Nf5 Qc8 23. f4 Neg4 24. Bxg4 Nxg4 25. h3 Qxf5 26. hxg4 Qxg4 27. Kg2 Qe2+
28. Rf2 Qxe3 29. a4 Qd4 30. Rff1 e3+ 31. Nf3 Bxf3+ 32. Kxf3 e2 33. Qxe2 Qc3+
34. Kg4 f5+ 0-1

[Event "Miedzynarodowy Turniej Szachowy Szachowe"]
[Site "WSUS Poznan, ul. Glogowska"]
[Date "2013.??.??"]
[Round "2.6"]
[White "Sobczak, Miroslaw"]
[Black "Pawlicki, Dariusz"]
[Result "1-0"]
[WhiteElo "2003"]
[BlackElo "1688"]
[PlyCount "87"]
[EventDate "2013.??.??"]

1. e4 d6 2. d4 d5 3. e5 Bf5 4. h4 h6 5. g4 Bh7 6. e6 fxe6 7. Bd3 Bxd3 8. Qxd3
Qd6 9. Ne2 e5 10. dxe5 Qxe5 11. Nbc3 Qe6 12. Be3 Nd7 13. Nf4 Qf6 14. Ng6 Ne5
15. Nxe5 Qxe5 16. f4 Qd6 17. O-O-O O-O-O 18. f5 Kb8 19. Qd4 c5 20. Qa4 Qc6 21.
Nb5 a6 22. Qa5 Rd7 23. Bf4+ Ka8 24. Nc7+ Rxc7 25. Qxc7 Qxc7 26. Bxc7 Nf6 27. g5
Ne4 28. Rxd5 hxg5 29. Re1 Nd6 30. Bb6 e5 31. Rexe5 Be7 32. Rxe7 Nc8 33. Rd8
Rxd8 34. Bxd8 Nxe7 35. Bxe7 gxh4 36. Bxh4 Kb8 37. Bg3+ Kc8 38. Be5 Kd7 39. Bxg7
Ke7 40. c4 b5 41. cxb5 axb5 42. b3 Kf7 43. f6 Ke6 44. a4 1-0

[Event "Miedzynarodowy Turniej Szachowy Szachowe"]
[Site "WSUS Poznan, ul. Glogowska"]
[Date "2013.??.14"]
[Round "2.7"]
[White "Hoffmann, Piotr"]
[Black "Stachowiak, Slawomir"]
[Result "0-1"]
[WhiteElo "1725"]
[BlackElo "2000"]
[PlyCount "127"]
[EventDate "2013.??.??"]

1. Nc3 d5 2. e4 d4 3. Nb1 c5 4. Bc4 Nc6 5. d3 Nf6 6. h3 e6 7. Ne2 Be7 8. O-O
O-O 9. Nd2 Na5 10. a4 Nxc4 11. Nxc4 b6 12. Bg5 Ba6 13. Ne5 Rc8 14. b3 Bb7 15.
Nc4 Ba6 16. Ne5 Rc7 17. Bf4 Rc8 18. Bg5 Bb7 19. Ng4 Rb8 20. Bf4 Ra8 21. Bg5 Nd7
22. Bxe7 Qxe7 23. Qd2 f5 24. exf5 Rxf5 25. Ng3 Rf7 26. Ne4 Bxe4 27. dxe4 e5 28.
Qe2 Raf8 29. Nh2 Qg5 30. Rad1 Nf6 31. Nf3 Qf4 32. g3 Qxe4 33. Qxe4 Nxe4 34.
Nxe5 Nxf2 35. Nxf7 Nxd1 36. Nh6+ gxh6 37. Rxd1 Rf3 38. Rd3 Rf7 39. Kg2 Kf8 40.
c3 dxc3 41. Rxc3 Ke7 42. a5 Kd6 43. axb6 axb6 44. Rc4 Kd5 45. Rh4 Rf6 46. Ra4
h5 47. g4 Re6 48. Kg3 b5 49. Ra8 Rb6 50. Ra7 c4 51. bxc4+ Kxc4 52. Kf4 b4 53.
Ke3 b3 54. Rc7+ Kd5 55. Rd7+ Kc6 56. Rd1 b2 57. Rb1 Kd5 58. Kd3 Ke5 59. Kc2 Kf4
60. Rf1+ Kg3 61. Kb1 Kg2 62. Rf4 Kxh3 63. Rc4 Kh4 64. Ra4 0-1

[Event "Miedzynarodowy Turniej Szachowy Szachowe"]
[Site "WSUS Poznan, ul. Glogowska"]
[Date "2013.??.??"]
[Round "2.8"]
[White "Kupsik, Joanna"]
[Black "Rozumek, Krzysztof"]
[Result "0-1"]
[WhiteElo "1668"]
[BlackElo "1975"]
[PlyCount "100"]
[EventDate "2013.??.??"]

1. d4 Nf6 2. Nf3 b5 3. e3 a6 4. c4 bxc4 5. Bxc4 e6 6. O-O d5 7. Bd3 c5 8. b3
Nbd7 9. Bb2 Bd6 10. Nbd2 Bb7 11. Rc1 Rc8 12. Qe2 a5 13. dxc5 Nxc5 14. Bb5+ Ke7
15. Ne5 Qb6 16. Ndf3 Ba6 17. Bxa6 Qxa6 18. Qxa6 Nxa6 19. Nc6+ Kd7 20. Nxa5 Nb4
21. Bxf6 gxf6 22. Ra1 Nc2 23. Rab1 Bb4 24. Nb7 Rc7 25. Rbc1 Rb8 26. a4 Rbxb7
27. h3 Ba5 28. Rb1 Na3 29. Nd4 Nxb1 30. Rxb1 Bb4 31. g4 Ba3 32. Kg2 e5 33. Nb5
Rxb5 34. axb5 Rc1 35. Rxc1 Bxc1 36. Kf3 Kd6 37. Ke2 Kc5 38. b6 Kxb6 39. Kd3 Kc5
40. Kc3 Ba3 41. Kd3 Bb4 42. f3 Be1 43. Ke2 Bg3 44. Kd3 Kb4 45. Kc2 Bf2 46. e4
d4 47. Kb2 d3 48. Kc1 Be3+ 49. Kd1 Kxb3 50. h4 Kb2 0-1

[Event "Miedzynarodowy Turniej Szachowy Szachowe"]
[Site "WSUS Poznan, ul. Glogowska"]
[Date "2013.??.??"]
[Round "2.9"]
[White "Niekras, Dawid"]
[Black "Nowaczyk, Mikolaj"]
[Result "1-0"]
[WhiteElo "1971"]
[BlackElo "1646"]
[PlyCount "53"]
[EventDate "2013.??.??"]

1. e4 c5 2. Nf3 d6 3. d4 cxd4 4. Nxd4 Nf6 5. Nc3 g6 6. Be3 Bg7 7. f3 O-O 8. Qd2
Nc6 9. Bc4 Bd7 10. O-O-O Ne5 11. Bb3 Qa5 12. Kb1 Rfc8 13. h4 h5 14. Bg5 b5 15.
Rhe1 Kf8 16. f4 Nc4 17. Bxc4 Rxc4 18. Nb3 Qc7 19. Bxf6 exf6 20. Qxd6+ Qxd6 21.
Rxd6 b4 22. Rxd7 bxc3 23. Nd4 cxb2 24. Nb5 Rac8 25. Red1 a6 26. Nd6 R4c7 27.
Nxc8 1-0

[Event "Miedzynarodowy Turniej Szachowy Szachowe"]
[Site "WSUS Poznan, ul. Glogowska"]
[Date "2013.??.??"]
[Round "2.10"]
[White "Jarmuzek, Karolina"]
[Black "Kozlowska, Marzena"]
[Result "0-1"]
[WhiteElo "1664"]
[BlackElo "1921"]
[PlyCount "90"]
[EventDate "2013.??.??"]

1. e4 d5 2. exd5 Qxd5 3. Nc3 Qa5 4. d4 Nf6 5. Nf3 c6 6. Bc4 Bg4 7. h3 Bh5 8.
O-O Qc7 9. Re1 e6 10. Qd3 h6 11. d5 Nxd5 12. Bxd5 cxd5 13. Nxd5 Qd7 14. Bf4 Na6
15. Rad1 O-O-O 16. Qc3+ Qc6 17. Qxc6+ bxc6 18. Nc3 Bxf3 19. gxf3 Bb4 20. Bd2
Rd7 21. Ne4 Rhd8 22. c3 Be7 23. Re2 f5 24. Ng3 Bg5 25. Nf1 Bxd2 26. Rdxd2 Rxd2
27. Rxd2 Nc5 28. Rxd8+ Kxd8 29. Nd2 Nd3 30. Nc4 Kc7 31. h4 c5 32. Kf1 Nf4 33.
a4 Ng6 34. Ke2 Nxh4 35. b4 Ng2 36. b5 Nf4+ 37. Kd2 g5 38. Ne5 h5 39. Nc6 h4 40.
Nxa7 h3 41. a5 h2 42. b6+ Kb7 43. Nb5 h1=Q 44. Nd6+ Ka6 45. b7 Qh8 0-1

[Event "Miedzynarodowy Turniej Szachowy Szachowe"]
[Site "WSUS Poznan, ul. Glogowska"]
[Date "2013.??.??"]
[Round "2.11"]
[White "Glatty, Zbigniew"]
[Black "Raczynski, Krzysztof"]
[Result "1-0"]
[WhiteElo "1915"]
[BlackElo "1595"]
[PlyCount "57"]
[EventDate "2013.??.??"]

1. e4 c5 2. Nf3 d6 3. d4 cxd4 4. Nxd4 Nf6 5. Nc3 a6 6. Be3 e6 7. Be2 Be7 8. O-O
Qc7 9. a4 Nc6 10. Kh1 O-O 11. Qe1 Nb4 12. Rc1 d5 13. exd5 Nfxd5 14. Bd2 Bf6 15.
Nxd5 Nxd5 16. c3 Qb6 17. Rc2 Bxd4 18. cxd4 Qxd4 19. Bc4 Bd7 20. b3 Rac8 21. Bc1
Bc6 22. Bb2 Qg4 23. f3 Qg6 24. Rd2 Rfd8 25. Rd4 h5 26. Bd3 Qh6 27. Bb1 Qe3 28.
Rxd5 Qxb3 29. Qe5 1-0

[Event "Miedzynarodowy Turniej Szachowy Szachowe"]
[Site "WSUS Poznan, ul. Glogowska"]
[Date "2013.??.??"]
[Round "2.12"]
[White "Chojnowski, Robert"]
[Black "Chojnacki, Tomasz"]
[Result "1/2-1/2"]
[WhiteElo "1640"]
[BlackElo "1883"]
[PlyCount "64"]
[EventDate "2013.??.??"]

1. c4 e5 2. Nc3 Nf6 3. e3 Nc6 4. g3 d6 5. Bg2 g6 6. d4 Bg4 7. Qa4 Bg7 8. Nge2
O-O 9. d5 Nb8 10. O-O Qc8 11. e4 Bh3 12. Be3 b6 13. f3 Bxg2 14. Kxg2 Ne8 15. b4
a5 16. b5 f5 17. Qc2 Nf6 18. a4 fxe4 19. Nxe4 Nxe4 20. fxe4 Nd7 21. Rxf8+ Qxf8
22. Rf1 Qe7 23. Ng1 Nf6 24. Qd3 Rf8 25. Bg5 Qd7 26. Bxf6 Bxf6 27. h3 Bg5 28.
Rxf8+ Kxf8 29. Qf3+ Kg7 30. h4 Bd8 31. Nh3 h5 32. Kh2 Be7 1/2-1/2

[Event "Miedzynarodowy Turniej Szachowy Szachowe"]
[Site "WSUS Poznan, ul. Glogowska"]
[Date "2013.??.??"]
[Round "2.13"]
[White "Kaczmarek, Piotr"]
[Black "Nowak, Adam"]
[Result "1-0"]
[WhiteElo "1872"]
[BlackElo "1352"]
[PlyCount "37"]
[EventDate "2013.??.??"]

1. f4 Nf6 2. c4 d5 3. cxd5 Nxd5 4. Nc3 c6 5. d4 Nxc3 6. bxc3 Bf5 7. Nf3 e6 8.
e3 Be7 9. Be2 Na6 10. O-O O-O 11. Ne5 f6 12. Nxc6 bxc6 13. Bxa6 Qa5 14. Qe2
Qxc3 15. Bb2 Qb4 16. a4 Qb8 17. Bc4 h6 18. Qh5 Qxb2 19. Qxf5 1-0

[Event "Miedzynarodowy Turniej Szachowy Szachowe"]
[Site "WSUS Poznan, ul. Glogowska"]
[Date "2013.??.14"]
[Round "2.14"]
[White "Baranowski, Adam"]
[Black "Przybylak, Lukasz"]
[Result "1/2-1/2"]
[WhiteElo "1595"]
[BlackElo "1871"]
[PlyCount "125"]
[EventDate "2013.??.??"]

1. e4 c6 2. d4 d5 3. Nc3 dxe4 4. Nxe4 Nd7 5. Nf3 Ndf6 6. Ng3 Bg4 7. Be2 Bxf3 8.
Bxf3 e6 9. O-O Ne7 10. Bg5 h6 11. Bxf6 gxf6 12. Re1 Qa5 13. Ne4 O-O-O 14. c3 f5
15. b4 Qc7 16. Nc5 Nd5 17. c4 Nxb4 18. Nxb7 Qxb7 19. Rb1 Qa6 20. c5 Bxc5 21.
Qb3 Rxd4 22. a3 Rd3 23. Qb2 Rhd8 24. axb4 Bd4 25. Qe2 Qb5 26. Rec1 Kb8 27. Bxc6
Qe5 28. Qxe5+ Bxe5 29. Bf3 Rd2 30. Rd1 Bc3 31. b5 e5 32. Rxd2 Rxd2 33. Rd1 Rb2
34. Bh5 Bd4 35. Bxf7 Rxb5 36. Bg6 f4 37. Rb1 Bb2 38. Kf1 a5 39. Ke2 Kc7 40. Kd1
Rd5+ 41. Kc2 Ba3 42. Be4 Rc5+ 43. Kb3 Bb4 44. Rb2 Rc3+ 45. Ka4 Kb6 46. Ra2 Rc4
47. f3 Kc5 48. g4 fxg3 49. hxg3 Be1+ 50. Kb3 Rb4+ 51. Kc2 Rxe4 52. fxe4 Kd4 53.
Kd1 Bb4 54. Rh2 Kxe4 55. Ke2 Bf8 56. Rh4+ Kf5 57. Kf3 Kg5 58. Rg4+ Kf5 59. Rg8
e4+ 60. Ke2 Bd6 61. Ra8 Bb4 62. Rh8 Kg4 63. Rg8+ 1/2-1/2

[Event "Miedzynarodowy Turniej Szachowy Szachowe"]
[Site "WSUS Poznan, ul. Glogowska"]
[Date "2013.??.??"]
[Round "2.16"]
[White "Opolski, Wojciech"]
[Black "Pawlowski, Rafal"]
[Result "0-1"]
[WhiteElo "1683"]
[BlackElo "1531"]
[PlyCount "75"]
[EventDate "2013.??.??"]

1. d4 Nf6 2. c4 e6 3. Nc3 Bb4 4. Nf3 O-O 5. a3 Bxc3+ 6. bxc3 d5 7. e3 Nbd7 8.
Bd3 b6 9. cxd5 exd5 10. O-O c5 11. c4 Bb7 12. Bb2 cxd4 13. exd4 dxc4 14. Bxc4
Rc8 15. Rc1 Nd5 16. Qd2 Rxc4 17. Rxc4 Ba6 18. Rfc1 Bxc4 19. Rxc4 N7f6 20. Ne5
Ne4 21. Qc2 f5 22. Bc1 h6 23. g3 Re8 24. f3 Nd6 25. Rc6 Ne7 26. Rc7 Kh7 27. Be3
Nd5 28. Rd7 Nxe3 29. Qd3 Qc8 30. Rxd6 Qc1+ 31. Kf2 Nd1+ 32. Ke2 Nc3+ 33. Kf2
Nd1+ 34. Kg2 Ne3+ 35. Kh3 Qe1 36. Nc4 Nxc4 37. Qxc4 Re2 38. f4 0-1

[Event "Miedzynarodowy Turniej Szachowy Szachowe"]
[Site "WSUS Poznan, ul. Glogowska"]
[Date "2013.??.??"]
[Round "2.17"]
[White "Weglarz, Leszek"]
[Black "Kostecki, Samuel"]
[Result "1-0"]
[WhiteElo "2224"]
[BlackElo "1497"]
[PlyCount "31"]
[EventDate "2013.??.??"]

1. e4 c5 2. Nf3 Nc6 3. Bb5 Nd4 4. Nxd4 cxd4 5. O-O h6 6. Bd3 Qc7 7. c3 e5 8.
cxd4 exd4 9. Na3 Nf6 10. e5 Nd5 11. Nc4 Nf4 12. Qf3 Nxd3 13. Qxd3 b5 14. Nd6+
Bxd6 15. exd6 Qc6 16. Qe2+ 1-0

[Event "Miedzynarodowy Turniej Szachowy Szachowe"]
[Site "WSUS Poznan, ul. Glogowska"]
[Date "2013.??.??"]
[Round "2.18"]
[White "Kus, Aleksander"]
[Black "Meczynski, Waldemar"]
[Result "1/2-1/2"]
[WhiteElo "1452"]
[BlackElo "2159"]
[PlyCount "63"]
[EventDate "2013.??.??"]

1. e4 c5 2. Nf3 Nc6 3. d4 cxd4 4. Nxd4 Nf6 5. Nc3 e5 6. Ndb5 d6 7. Bg5 a6 8.
Na3 b5 9. Nd5 Be7 10. Bxf6 Bxf6 11. c3 Bg5 12. Nc2 O-O 13. a4 bxa4 14. Rxa4 a5
15. Bb5 Bb7 16. O-O Ne7 17. Nxe7+ Qxe7 18. Qd3 f5 19. exf5 e4 20. Qe2 Rxf5 21.
Nd4 Re5 22. Nc6 Bxc6 23. Bxc6 Rc8 24. Qa6 Rf8 25. Qc4+ Kh8 26. Bxe4 Rf4 27.
Qc8+ Rf8 28. Qb7 Qxb7 29. Bxb7 Rb5 30. Bf3 Rxb2 31. Rxa5 Bf6 32. Rd5 1/2-1/2

[Event "Miedzynarodowy Turniej Szachowy Szachowe"]
[Site "WSUS Poznan, ul. Glogowska"]
[Date "2013.??.??"]
[Round "2.19"]
[White "Bajerlein, Dawid"]
[Black "Paliwoda, Borys"]
[Result "1-0"]
[WhiteElo "2099"]
[BlackElo "1466"]
[PlyCount "88"]
[EventDate "2013.??.??"]

1. d4 Nf6 2. c4 c5 3. d5 b5 4. Nd2 d6 5. e4 b4 6. f4 g6 7. b3 Bg7 8. Bb2 Nh5 9.
Bxg7 Nxg7 10. Ngf3 O-O 11. Bd3 f5 12. exf5 Bxf5 13. Bxf5 Nxf5 14. Qe2 Nd7 15.
O-O Nf6 16. Rae1 Ng4 17. Qe6+ Kg7 18. Ng5 h6 19. Qe2 hxg5 20. Qxg4 gxf4 21.
Rxf4 Nd4 22. Rfe4 Rf7 23. h4 Nc2 24. R1e2 Nd4 25. Re1 Nc2 26. Rc1 Nd4 27. h5
Rf6 28. Rce1 Nf5 29. Qg5 e5 30. dxe6 Qe7 31. Nf3 Rh8 32. g4 Nh6 33. Rf4 Rhf8
34. Nh4 Ng8 35. Nxg6 Rxg6 36. Qxg6+ Kh8 37. Rxf8 Qxf8 38. Rf1 Qg7 39. Qxg7+
Kxg7 40. Rf7+ Kh6 41. e7 Nxe7 42. Rxe7 a5 43. Kg2 a4 44. Kg3 Kg5 1-0

[Event "Miedzynarodowy Turniej Szachowy Szachowe"]
[Site "WSUS Poznan, ul. Glogowska"]
[Date "2013.??.??"]
[Round "2.20"]
[White "Maksimenko, Andrei Jr"]
[Black "Gajewski, Zbigniew"]
[Result "1-0"]
[WhiteElo "1961"]
[BlackElo "1439"]
[PlyCount "47"]
[EventDate "2013.??.??"]

1. e4 c5 2. Nf3 Nc6 3. d4 cxd4 4. Nxd4 e5 5. Nb5 d6 6. N1c3 a6 7. Na3 Nf6 8.
Bg5 Be7 9. Bxf6 gxf6 10. Nd5 f5 11. exf5 Bxf5 12. Nc4 b5 13. Nxe7 Nxe7 14.
Nxd6+ Kf8 15. Qf3 Bg6 16. O-O-O Qb8 17. Qf6 Rg8 18. Bd3 Nd5 19. Qxe5 Bxd3 20.
Rxd3 Nb4 21. Rf3 Rg7 22. Re1 Nc6 23. Rxf7+ Kg8 24. Qxg7# 1-0

[Event "Miedzynarodowy Turniej Szachowy Szachowe"]
[Site "WSUS Poznan, ul. Glogowska"]
[Date "2013.??.??"]
[Round "2.21"]
[White "Pietrucha, Jaroslaw"]
[Black "Lisiecki, Robert"]
[Result "0-1"]
[WhiteElo "1823"]
[BlackElo "1426"]
[PlyCount "70"]
[EventDate "2013.??.??"]

1. e4 c5 2. Nf3 e6 3. Nc3 Nc6 4. d4 cxd4 5. Nxd4 Nf6 6. Bg5 Be7 7. Be2 Qa5 8.
Nxc6 bxc6 9. Bd2 Qb6 10. Rb1 O-O 11. O-O d5 12. exd5 cxd5 13. Be3 Qb8 14. Bf3
Bd7 15. Re1 Rc8 16. Bd4 Bd6 17. Bxf6 gxf6 18. g3 Bc6 19. Qd4 Be5 20. Qg4+ Kh8
21. Nd1 Rg8 22. Qh5 Qc7 23. c3 Rg5 24. Qh4 Rag8 25. Ne3 f5 26. Nf1 f4 27. Re2
Bb5 28. Rd2 f5 29. Kh1 fxg3 30. Nxg3 Qg7 31. Rdd1 f4 32. Nh5 Qg6 33. Re1 Bd3
34. Rbd1 Be4 35. Bxe4 Rxh5 0-1

[Event "Miedzynarodowy Turniej Szachowy Szachowe"]
[Site "WSUS Poznan, ul. Glogowska"]
[Date "2013.??.??"]
[Round "2.22"]
[White "Piasecki, Andrzej"]
[Black "Nowak, Mikolaj"]
[Result "0-1"]
[WhiteElo "1356"]
[BlackElo "1613"]
[PlyCount "78"]
[EventDate "2013.??.??"]

1. g4 d5 2. Bg2 Bxg4 3. c4 Nd7 4. cxd5 Nb6 5. Nc3 Nf6 6. Qb3 g6 7. e4 Bg7 8. e5
Nfd7 9. d4 O-O 10. f3 Bf5 11. Bh3 Bxh3 12. Nxh3 c6 13. Nf4 cxd5 14. Nfxd5 Nxd5
15. Qxd5 Nb6 16. Qxd8 Raxd8 17. Be3 Rd7 18. b3 e6 19. Nb5 a6 20. Nd6 Nd5 21.
Ke2 Rfd8 22. Rac1 f6 23. Rc8 Rxd6 24. exd6 Rxc8 25. Bc1 Rd8 26. Ba3 Bf8 27. Rc1
Bxd6 28. Bxd6 Rxd6 29. Rc8+ Kf7 30. Kd3 e5 31. Ke4 exd4 32. Rc5 b6 33. Rc4 Nb4
34. Rxd4 Rxd4+ 35. Kxd4 Nxa2 36. Kd5 Nc1 37. b4 Na2 38. Kc6 b5 39. Kc5 Ke6 0-1

[Event "Miedzynarodowy Turniej Szachowy Szachowe"]
[Site "WSUS Poznan, ul. Glogowska"]
[Date "2013.??.??"]
[Round "2.23"]
[White "Miedzinski, Marek"]
[Black "Kostecka, Marika"]
[Result "1-0"]
[WhiteElo "1613"]
[BlackElo "1274"]
[PlyCount "71"]
[EventDate "2013.??.??"]

1. e4 e5 2. f4 d6 3. Nf3 Nc6 4. Bc4 Bg4 5. c3 Nf6 6. Qb3 Nxe4 7. Bxf7+ Kd7 8.
d4 exf4 9. O-O Kc8 10. Be6+ Bxe6 11. Qxe6+ Kb8 12. Qxe4 g5 13. d5 Ne5 14. Nxe5
dxe5 15. Qxe5 h5 16. c4 Bc5+ 17. Kh1 Qg8 18. Bd2 Bd6 19. Qd4 b6 20. b4 h4 21.
c5 Bf8 22. Bc3 Rh7 23. Qf6 h3 24. Qe6 hxg2+ 25. Kxg2 Rf7 26. Qe8+ Kb7 27. Qc6+
Kb8 28. d6 f3+ 29. Rxf3 Rxf3 30. dxc7+ Kc8 31. Qxa8+ Kxc7 32. Be5+ Kd7 33. Qxf3
g4 34. c6+ Kd8 35. c7+ Kc8 36. Qf5+ 1-0

[Event "Miedzynarodowy Turniej Szachowy Szachowe"]
[Site "WSUS Poznan, ul. Glogowska"]
[Date "2013.??.??"]
[Round "2.25"]
[White "Nawrocki, Arkadiusz"]
[Black "Wojciechowska, Martyna"]
[Result "0-1"]
[WhiteElo "1576"]
[BlackElo "1265"]
[PlyCount "72"]
[EventDate "2013.??.??"]

1. d4 d5 2. Nf3 Nc6 3. Bf4 Nf6 4. e3 Bg4 5. h3 Bh5 6. c4 e6 7. Nc3 Bd6 8. Bxd6
Qxd6 9. Be2 O-O 10. a3 a5 11. g4 Bg6 12. Nb5 Qe7 13. Ne5 Nxe5 14. dxe5 Ne4 15.
h4 c6 16. Nd6 Nxd6 17. exd6 Qxd6 18. h5 Be4 19. f3 Qg3+ 20. Kf1 Bxf3 21. Bxf3
f5 22. g5 dxc4 23. Rg1 Qh3+ 24. Ke2 Rad8 25. Qf1 Qh2+ 26. Qf2 Qe5 27. Rab1 Rd7
28. Rgd1 Rxd1 29. Rxd1 Qxb2+ 30. Rd2 Qxa3 31. Bxc6 c3 32. Rc2 Qb3 33. Kf3 bxc6
34. h6 a4 35. g6 hxg6 36. Rc1 Qd5+ 0-1